Catálogo de la Biblioteca Horacio González - Universidad Nacional de General Sarmiento

Los levantamientos carapintada 1987-1991 (Registro nro. 48399)

Detalles MARC
000 -CABECERA
campo de control de longitud fija 01282nac a22003610a 4500
001 - NÚMERO DE CONTROL
campo de control PT19735
003 - IDENTIFICADOR DEL NÚMERO DE CONTROL
campo de control AR-LpoUNG
005 - FECHA Y HORA DE LA ÚLTIMA TRANSACCIÓN
campo de control 20210201005102.0
008 - DATOS DE LONGITUD FIJA--INFORMACIÓN GENERAL
campo de control de longitud fija 201001s1994||||ag |||||||||||||||||spa d
020 ## - NÚMERO INTERNACIONAL ESTÁNDAR DEL LIBRO
Número Internacional Estándar del Libro 9502524578
Condiciones de disponibilidad $1.08
040 ## - FUENTE DE LA CATALOGACIÓN
Centro catalogador/agencia de origen AR-LpoUNG
Lengua de catalogación spa
Normas de descripción aacr
041 ## - CÓDIGO DE LENGUA
Código de lengua del texto/banda sonora o título independiente spa
044 ## - CÓDIGO DEL PAÍS DE LA ENTIDAD EDITORA/PRODUCTORA
Código MARC del país ag
082 0# - NÚMERO DE LA CLASIFICACIÓN DECIMAL DEWEY
Número de clasificación 982.066 132lev
100 1# - ENTRADA PRINCIPAL--NOMBRE DE PERSONA
Nombre de persona Sain, Marcelo Fabián
245 14 - MENCIÓN DE TÍTULO
Título Los levantamientos carapintada 1987-1991
250 ## - MENCIÓN DE EDICIÓN
Mención de edición 1§ edición
260 ## - PUBLICACIÓN, DISTRIBUCIÓN, ETC.
Lugar de publicación, distribución, etc. Buenos Aires :
Nombre del editor, distribuidor, etc. Centro Editor de América Latina,
Fecha de publicación, distribución, etc. 1994.
300 ## - DESCRIPCIÓN FÍSICA
Extensión 241 p. :
Otras características físicas tbls.
Extensión (2
Tipo de unidad Volúmenes)
Especificación de materiales Impreso
490 0# - MENCIÓN DE SERIE
Mención de serie Los levantamientos carapintada
505 0# - NOTA DE CONTENIDO CON FORMATO
Nota de contenido con formato Corresponde el N§ 463 de la colección Biblioteca Política Argentina de la editorial
520 ## - SUMARIO, ETC.
Sumario, etc. Ofrece una caracterización de los carapintada, las distintas corrientes políticas que se expresaron en su interior, sus objetivos políticos, sus proyecciones, su vinculación con el poder político y sus respectivos liderazgos.
650 #4 - PUNTO DE ACCESO ADICIONAL DE MATERIA--TÉRMINO DE MATERIA
Término de materia o nombre geográfico como elemento de entrada ACTIVIDAD MILITAR
650 #4 - PUNTO DE ACCESO ADICIONAL DE MATERIA--TÉRMINO DE MATERIA
Término de materia o nombre geográfico como elemento de entrada ANALISIS HISTORICO
650 #4 - PUNTO DE ACCESO ADICIONAL DE MATERIA--TÉRMINO DE MATERIA
Término de materia o nombre geográfico como elemento de entrada ARGENTINA
650 #4 - PUNTO DE ACCESO ADICIONAL DE MATERIA--TÉRMINO DE MATERIA
Término de materia o nombre geográfico como elemento de entrada DEMOCRACIA
650 #4 - PUNTO DE ACCESO ADICIONAL DE MATERIA--TÉRMINO DE MATERIA
Término de materia o nombre geográfico como elemento de entrada FUERZAS ARMADAS
650 #4 - PUNTO DE ACCESO ADICIONAL DE MATERIA--TÉRMINO DE MATERIA
Término de materia o nombre geográfico como elemento de entrada GOLPES DE ESTADO
650 #4 - PUNTO DE ACCESO ADICIONAL DE MATERIA--TÉRMINO DE MATERIA
Término de materia o nombre geográfico como elemento de entrada RELACIONES GOBIERNO FUERZAS ARMADAS
651 #4 - PUNTO DE ACCESO ADICIONAL DE MATERIA--NOMBRE GEOGRÁFICO
Nombre geográfico Argentina
905 ## - ELEMENTOS DE DATOS E LOCAL, LDE (RLIN)
a 19735
942 ## - ELEMENTOS DE PUNTO DE ACCESO ADICIONAL (KOHA)
Tipo de ítem Koha Libro
Existencias
Estado de retiro Estado de pérdida Estado dañado No para préstamo Código de colección Localización permanente Ubicación/localización actual Fecha de adquisición Total de préstamos Signatura topográfica completa Código de barras Fecha visto por última vez Precio válido a partir de Tipo de ítem Koha
        Colección General Biblioteca Universidad Nacional de General Sarmiento Biblioteca Universidad Nacional de General Sarmiento 01/02/2021   982.066 132lev 00020970 01/02/2021 01/02/2021 Libro